Einführung

Gespeichert in:
Bibliographische Detailangaben
1. Verfasser: Ondrušová, Terézia, 1978-
Format: Buchkapitel
Sprache:Deutsch
Schlagworte:
Tags: Tag hinzufügen
Keine Tags, Fügen Sie das erste Tag hinzu!

MARC

LEADER 00000naa$a2200000$$$4500
001 0305787
005 20250102105759.6
041 0 |a ger 
044 |a CZ 
245 1 0 |a Einführung  |c Terézia Ondrušová 
610 2 0 |a jazyky cudzie 
610 2 0 |a učitelia 
610 2 0 |a škola a prax 
610 2 0 |a proces informačný 
610 2 0 |a Európa 
100 1 |a Ondrušová, Terézia, 1978-